[Event "NRW Class2 1819"]
[Site "Germany"]
[Date "2018.11.18"]
[Round "3.8"]
[White "Wulfhorst, Noah"]
[Black "Klippert, Jan Oliver"]
[Result "1-0"]
[WhiteElo "1846"]
[BlackElo "1810"]
[PlyCount "91"]
[EventDate "2018.09.16"]
[EventType "team-tourn"]
[EventRounds "9"]
[EventCountry "GER"]
[SourceTitle "EXT 2022"]
[Source "ChessBase"]
[SourceDate "2021.10.06"]
[SourceVersion "1"]
[SourceVersionDate "2021.10.06"]
[SourceQuality "1"]
[WhiteTeam "Guetersloh"]
[BlackTeam "Plettenberg"]
[WhiteTeamCountry "GER"]
[BlackTeamCountry "GER"]

1. c4 e6 2. g3 d5 3. Bg2 Nf6 4. Nf3 Be7 5. 0-0 0-0 6. b3 c5 7. cxd5 exd5 8. d4 Nc6 9. Nc3 Ne4 10. Bb2 Bf6 11. Nxe4 dxe4 12. Nd2 Bxd4 13. Bxd4 Qxd4 14. Nxe4 Bg4 15. Qxd4 cxd4 16. Rfe1 Nb4 17. h3 Bh5 18. g4 Bg6 19. Red1 Rfe8 20. Ng3 Rab8 21. a3 Nc6 22. b4 Rbd8 23. Rac1 Rd6 24. b5 Nd8 25. Rc7 a6 26. bxa6 Rxa6 27. Rc8 Kf8 28. Rxd4 Nc6 29. Rxe8+ Kxe8 30. Rc4 Rxa3 31. Bxc6+ bxc6 32. Rxc6 Kd7 33. Rb6 Kc7 34. Rb4 Ra5 35. Rf4 Ra2 36. e3 f6 37. Kg2 Kd6 38. Kg1 Ke5 39. Kg2 Bd3 40. Nf5 g5 41. Rb4 Be4+ 42. Kg3 h5 43. f4+ Kd5 44. Rd4+ Kc5 45. Rxe4 h4+ 46. Nxh4 1-0

[Event "NRW Class2 1819"]
[Site "Germany"]
[Date "2018.09.16"]
[Round "1.8"]
[White "Wulfhorst, Noah"]
[Black "Gruettemeier, Uwe"]
[Result "1-0"]
[WhiteElo "1846"]
[BlackElo "2010"]
[PlyCount "89"]
[EventDate "2018.09.16"]
[EventType "team-tourn"]
[EventRounds "9"]
[EventCountry "GER"]
[SourceTitle "EXT 2022"]
[Source "ChessBase"]
[SourceDate "2021.10.06"]
[SourceVersion "1"]
[SourceVersionDate "2021.10.06"]
[SourceQuality "1"]
[WhiteTeam "Guetersloh"]
[BlackTeam "Bielefeld"]
[WhiteTeamCountry "GER"]
[BlackTeamCountry "GER"]

1. c4 g6 2. g3 Bg7 3. Bg2 d6 4. Nc3 c6 5. Nf3 Nf6 6. 0-0 0-0 7. Rb1 e5 8. d3 Re8 9. Nd2 a5 10. a3 Qc7 11. b4 axb4 12. axb4 Na6 13. Ba3 Be6 14. b5 Nc5 15. Bxc5 dxc5 16. Nce4 Nxe4 17. Nxe4 cxb5 18. Rxb5 b6 19. Qb3 Ra6 20. Rb1 Rea8 21. Ng5 Bd7 22. Bxa8 Bxb5 23. Qxb5 Rxa8 24. Qxb6 Qxb6 25. Rxb6 f5 26. Rc6 e4 27. dxe4 h6 28. Ne6 fxe4 29. Nxg7 Kxg7 30. Re6 Ra2 31. Rxe4 Rc2 32. g4 Kf6 33. Kg2 g5 34. Kg3 Rc1 35. h4 Rg1+ 36. Kh2 Rc1 37. h5 Rc2 38. Kg2 Rc3 39. f3 Rc1 40. Kf2 Rc3 41. Ke1 Ra3 42. Kd2 Ra2+ 43. Kc3 Ra1 44. Re8 Ra2 45. Kd3 1-0